• 首页
  • 本馆介绍
  • 公告通知
  • 最新文献
  • 馆藏检索
  • 电子资源
  • 读者导购
  • 参考咨询
  • 我的图书馆
  • 登录
  • 详细信息显示
  • 放入我的书架
  • 预约/预借图书
  • 作者相关作品
  • 分类相关作品
  • 丛书相关作品
  • 出版社相关作品

书目信息

  • 表格格式
  • 工作单格式
  • 卡片格式
题名:
勃拉姆斯匈牙利舞曲
    
 
作者: 勃拉姆斯 曲
分册: 第5,6,7  
出版信息: 台北   光华出版社  
页数: 32页
开本: 32cm
丛书名:
单 册:
中图分类: J655
科图分类:
主题词: 外国音乐--作品 , 音乐--各国--作品
电子资源:
ISBN:
000 00573nam0 2200205 45
001 0312221749
005 20051104101245.71
010    @dCNY0.55
100    @a20031222d km y0chiy0120 ea
101    @achi
102    @aCN@b710000
200 1  @a勃拉姆斯匈牙利舞曲@Abo la mu si xiong ya li wu qu@h第5,6,7@f勃拉姆斯曲@Fbo la mu si qu
210    @a台北@c光华出版社
215    @a32页@d32cm
606 0  @a外国音乐@x作品
606 0  @a音乐@y各国@x作品
690    @aJ655@v3
701 0  @a勃拉姆斯@Abo la mu si@4曲
801    @aCN@bTSTCL@c20051104
905    @a213230@dJ655@e86:(5.6.7)
    
    勃拉姆斯匈牙利舞曲.第5,6,7/勃拉姆斯曲.-台北:光华出版社
    32页;32cm
    
    
    ISBN :CNY0.55
    
●
相关链接 在E读中查询图书 在五车中查询图书 在当当中查询图书 在豆瓣中查询图书


正题名:勃拉姆斯匈牙利舞曲     索取号:J655/86:(5.6.7)         预约/预借

序号 登录号 条形码 馆藏地/架位号 状态 备注
1 0074376   202136535   密集书库/ [索取号:J655/86:(5.6.7)] 在馆    
2 0074377   202136410   密集书库/ [索取号:J655/86:(5.6.7)] 在馆    
3 0074378   202136456   密集书库/ [索取号:J655/86:(5.6.7)] 在馆    
4 0074379   202136465   密集书库/ [索取号:J655/86:(5.6.7)] 在馆    
5 0074380   202136492   密集书库/ [索取号:J655/86:(5.6.7)] 在馆    
唐山师范学院图书馆 欢迎您!
大连网信软件有限公司© 版权所有